Fast typing 1-100 - Statistics

General Stats
  • This quiz has been taken 729 times
  • The average score is 74 of 100
Answer Stats
Numbers % Correct
1
100%
2
97%
3
97%
4
97%
5
96%
6
96%
7
96%
8
94%
9
93%
10
90%
12
89%
11
88%
13
88%
14
88%
15
88%
17
87%
18
87%
16
86%
19
85%
20
85%
21
84%
22
83%
23
83%
30
82%
24
81%
25
81%
26
81%
27
81%
29
81%
31
81%
28
80%
32
80%
34
79%
33
78%
35
78%
36
78%
37
77%
38
77%
39
77%
40
77%
41
76%
42
75%
43
75%
44
75%
45
75%
46
75%
47
74%
50
74%
48
73%
49
73%
51
73%
52
72%
53
72%
55
72%
56
72%
54
71%
57
70%
58
70%
60
70%
61
70%
62
70%
59
69%
65
69%
66
69%
67
69%
63
68%
64
68%
70
68%
72
68%
68
67%
69
67%
78
67%
74
66%
71
65%
73
65%
75
65%
77
65%
80
65%
76
64%
81
64%
84
64%
82
63%
83
63%
79
62%
85
61%
88
61%
86
60%
87
60%
90
60%
89
59%
92
58%
93
58%
91
57%
94
57%
99
57%
100
56%
95
56%
96
56%
97
55%
98
55%
No matching quizzes found
Score Distribution
Percent of People with Each Score
Percentile by Number Answered
Your Score History
You have not taken this quiz